Optimización y modelos para la gestión
Gespeichert in:
| Hauptverfasser: | , , |
|---|---|
| Format: | Buch |
| Sprache: | Spanisch |
| Veröffentlicht: |
Santiago
Dolmen
2000
|
| Schlagworte: | |
| Tags: |
Tag hinzufügen
Keine Tags, Fügen Sie den ersten Tag hinzu!
|
MARC
| LEADER | 00000nam a2200000 a 4500 | ||
|---|---|---|---|
| 001 | UCN9443 | ||
| 003 | CL-VaPUC | ||
| 008 | 011207e20000000CL |||||||||||||||||spa|d | ||
| 082 | 0 | 4 | |a 658.4034 |b ORT |2 21 |
| 100 | |a Ortiz Z., Carmen |e autor |9 486731 | ||
| 700 | 0 | |a Varas G., Samuel |e author |9 466081 | |
| 700 | 0 | |a Vera A., Jorge |e author |9 466082 | |
| 245 | 1 | 0 | |a Optimización y modelos para la gestión |
| 300 | |a 508 p | ||
| 942 | |c BK | ||
| 945 | |d 20011207 00:00:00 |a cmena | ||
| 260 | |a Santiago |b Dolmen |c 2000 | ||
| 650 | 0 | |a Investigación operativa |9 259383 | |
| 650 | 7 | |a MODELOS DE PROGRAMACION |2 CL-VaPUC |9 466083 | |
| 650 | 0 | |a Modelos lineales |9 270494 | |
| 650 | 0 | |a Programación no lineal |9 259385 | |
| 650 | 0 | |a Programación lineal |9 23 | |
| 650 | 7 | |a FLUJO DE REDES |2 CL-VaPUC |9 428832 | |
| 650 | 0 | |a Programación dinámica |9 324757 | |
| 583 | |a last modification |c 20011207 00:00:00 |k Rodrigo Vera | ||
| 999 | |c 298870 |d 298868 | ||
| 952 | |0 0 |1 0 |4 0 |6 658_403400000000000_ORT_2000 |7 0 |8 A |9 354849 |a BIBING |b BIBING |d 2019-11-21 |i 378181K |o 658.4034 ORT 2000 |p 378181K |r 2025-01-20 |w 2019-11-21 |y BK |k TRA | ||
| 952 | |0 0 |1 0 |4 0 |6 658_403400000000000_ORT_2000 |7 0 |8 A |9 354850 |a BIBING |b BIBING |d 2019-11-21 |i 3781828 |o 658.4034 ORT 2000 |p 3781828 |r 2025-01-20 |w 2019-11-21 |y BK |k TRA | ||
| 952 | |0 0 |1 0 |4 0 |6 658_403400000000000_ORT_2000 |7 0 |8 A |9 354851 |a BIBING |b BIBING |d 2019-11-21 |i 3781836 |o 658.4034 ORT 2000 |p 3781836 |r 2025-01-20 |w 2019-11-21 |y BK |k TRA | ||
| 952 | |0 0 |1 0 |4 0 |6 658_403400000000000_ORT_2000 |7 0 |8 A |9 354852 |a BIBING |b BIBING |d 2019-11-21 |i 3781844 |o 658.4034 ORT 2000 |p 3781844 |r 2025-01-20 |w 2019-11-21 |y BK |k TRA | ||
| 952 | |0 0 |1 0 |4 0 |6 658_403400000000000_ORT_2000 |7 0 |8 A |9 354853 |a BIBING |b BIBING |d 2019-11-21 |i 4368592 |l 3 |m 2 |o 658.4034 ORT 2000 |p 4368592 |r 2025-01-20 |s 2024-01-26 |w 2019-11-21 |y BK |k EII | ||
| 952 | |0 0 |1 0 |4 0 |6 658_403400000000000_ORT_2000 |7 0 |8 A |9 354854 |a BIBING |b BIBING |d 2019-11-21 |i 4368606 |l 2 |o 658.4034 ORT 2000 |p 4368606 |r 2025-01-20 |s 2021-08-30 |w 2019-11-21 |y BK |k EII | ||
| 952 | |0 0 |1 0 |4 0 |6 658_403400000000000_ORT_2000 |7 0 |8 A |9 354855 |a BIBING |b BIBING |d 2019-11-21 |i 4368614 |o 658.4034 ORT 2000 |p 4368614 |r 2025-01-20 |w 2019-11-21 |y BK |k EII | ||